Financiamiento de los agricultores al desarrollo tecnológico : (Registro nro. 12661)
[ vista simple ]
| 000 -LEADER | |
|---|---|
| fixed length control field | 02484cam a2200337 a 4500 |
| 003 - CONTROL NUMBER IDENTIFIER | |
| control field | OSt |
| 005 - DATE AND TIME OF LATEST TRANSACTION | |
| control field | 20211007165010.0 |
| 008 - FIXED-LENGTH DATA ELEMENTS--GENERAL INFORMATION | |
| fixed length control field | 080827t 2008ck ad r 000 0 spa d |
| 020 ## - INTERNATIONAL STANDARD BOOK NUMBER | |
| International Standard Book Number | 9789588378039 |
| 040 ## - CATALOGING SOURCE | |
| Original cataloging agency | CO-BoPUJ |
| Transcribing agency | CO-JMCR |
| 041 1# - LANGUAGE CODE | |
| Language code of text/sound track or separate title | spa |
| 043 ## - GEOGRAPHIC AREA CODE | |
| Geographic area code | s-ck--- |
| 082 04 - DEWEY DECIMAL CLASSIFICATION NUMBER | |
| Classification number | 338.18861 / |
| Item number | C763f |
| Edition number | 23 |
| 100 1# - MAIN ENTRY--PERSONAL NAME | |
| Personal name | Conto Posada, Myriam, |
| Relator term | autor |
| 9 (RLIN) | 41034 |
| 245 10 - TITLE STATEMENT | |
| Title | Financiamiento de los agricultores al desarrollo tecnológico : |
| Remainder of title | naturaleza jurídica e impacto en el sector palmero colombiano / |
| Statement of responsibility, etc. | Myriam Conto Posada |
| 246 10 - VARYING FORM OF TITLE | |
| Title proper/short title | Naturaleza jurídica e impacto en el sector palmero colombiano |
| 250 ## - EDITION STATEMENT | |
| Edition statement | Primera edición |
| 260 ## - PUBLICATION, DISTRIBUTION, ETC. | |
| Place of publication, distribution, etc. | Bogotá : |
| Name of publisher, distributor, etc. | Editorial Universidad del Rosario : |
| -- | Fedepalma, |
| Date of publication, distribution, etc. | 2008. |
| 300 ## - PHYSICAL DESCRIPTION | |
| Extent | 223 páginas : |
| Other physical details | ilustraciones, gráficas y tablas ; |
| Dimensions | 24 cm. |
| 490 0# - SERIES STATEMENT | |
| Series statement | Colección textos de jurisprudencia |
| 504 ## - BIBLIOGRAPHY, ETC. NOTE | |
| Bibliography, etc. note | Incluye referencias bibliográficas (p. 218-220). |
| 505 0# - FORMATTED CONTENTS NOTE | |
| Formatted contents note | Reseña histórica y principales antecedentes de la parafiscalidad agropecuaria. -- Evaluación jurídica y doctrina de la parafiscalidad agropecuaria. -- La parafiscalidad de fomento: modelo de fondo de fomento palmero. -- Los efectos en ciencia y tecnología de la parafiscalidad agropecuaria en general y del sector palmero en particular. |
| 520 0# - SUMMARY, ETC. | |
| Summary, etc. | En este ensayo se hace una evaluación de la parafiscalidad agro pecuaria como instrumento de intervención económica y se analizan los fundamentos legales, jurisprudenciales y doctrinales sobre la naturaleza de las rentas parafiscales; así como el control fiscal de los recursos, la competencia jurisdiccional en materia de solución de conflictos y los mecanismos de coacción que puede utilizar el administrador del Fondo Parafiscal para hacer efectivas las obligaciones. Un ejemplo de la parafiscalidad agropecuaria en el país es el caso particular del Fondo de Fomento Palmero, en su papel de canalizar re cursos para financiar actividades de interés general del sector palmero, como la investigación y transferencia de tecnología, de impacto en la competitividad sectorial. |
| 650 14 - SUBJECT ADDED ENTRY--TOPICAL TERM | |
| Topical term or geographic name entry element | Industria agrícola |
| General subdivision | Aspectos jurídicos |
| Geographic subdivision | Colombia |
| 9 (RLIN) | 41035 |
| 650 24 - SUBJECT ADDED ENTRY--TOPICAL TERM | |
| Topical term or geographic name entry element | Agricultura |
| General subdivision | Financiación |
| 9 (RLIN) | 41036 |
| 650 24 - SUBJECT ADDED ENTRY--TOPICAL TERM | |
| Topical term or geographic name entry element | Parafiscalidad |
| Geographic subdivision | Colombia |
| 9 (RLIN) | 41037 |
| 650 24 - SUBJECT ADDED ENTRY--TOPICAL TERM | |
| Topical term or geographic name entry element | Sector agropecuario |
| General subdivision | Aspectos jurídicos |
| Geographic subdivision | Colombia |
| 9 (RLIN) | 41038 |
| 650 24 - SUBJECT ADDED ENTRY--TOPICAL TERM | |
| Topical term or geographic name entry element | Política fiscal |
| Geographic subdivision | Colombia |
| 9 (RLIN) | 6903 |
| 942 ## - ADDED ENTRY ELEMENTS (KOHA) | |
| Source of classification or shelving scheme | Dewey Decimal Classification |
| Koha item type | Books |
| Withdrawn status | Lost status | Source of classification or shelving scheme | Damaged status | Not for loan | Home library | Current library | Shelving location | Date acquired | Source of acquisition | Full call number | Barcode | Date last seen | Copy number | Price effective from | Koha item type |
|---|---|---|---|---|---|---|---|---|---|---|---|---|---|---|---|
| Dewey Decimal Classification | Biblioteca Pública José María del Castillo y Rada | Biblioteca Pública José María del Castillo y Rada | General Stacks | 04/15/2018 | Donación | 338.18861 / C763f | 430005369 | 05/16/2024 | Ej.1 | 03/10/2021 | Books |